[Event "DEM U14w 2025"]
[Site "Willingen GER"]
[Date "2025.06.11"]
[Round "5"]
[White "Rafikova, Ailin"]
[Black "Rössling, Laura Marie"]
[Result "1-0"]
[Termination "normal"]
[Board "4"]
[WhiteElo "1773"]
[BlackElo "1760"]
[WhiteClock "00:03:11"]
[BlackClock "00:01:36"]
[PlyCount "132"]
[WhiteFideId "34612173"]
[BlackFideId "16289471"]
[EventCountry "GER"]
[EventRounds "9"]
[EventType "swiss"]
[EventDate "2025.06.07"]

1. e4 {[%clk 01:30:59]} e5 {[%clk 01:30:52]} {[%emt 00:00:08]} 2. Nf3 {[%clk
01:31:25]} {[%emt 00:00:04]} Nc6 {[%clk 01:31:17]} {[%emt 00:00:06]} 3. Bc4
{[%clk 01:31:50]} {[%emt 00:00:05]} Bc5 {[%clk 01:31:39]} {[%emt 00:00:08]} 4.
c3 {[%clk 01:32:15]} {[%emt 00:00:05]} Nf6 {[%clk 01:32:04]} {[%emt 00:00:04]}
5. d3 {[%clk 01:32:34]} {[%emt 00:00:10]} d6 {[%clk 01:32:25]} {[%emt
00:00:10]} 6. Bb3 {[%clk 01:32:31]} {[%emt 00:00:33]} a6 {[%clk 01:31:03]}
{[%emt 00:01:53]} 7. Nbd2 {[%clk 01:32:18]} {[%emt 00:00:43]} Ba7 {[%clk
01:29:19]} {[%emt 00:02:14]} 8. O-O {[%clk 01:31:38]} {[%emt 00:01:09]} h6
{[%clk 01:28:01]} {[%emt 00:01:48]} 9. Re1 {[%clk 01:31:30]} {[%emt 00:00:38]}
O-O {[%clk 01:26:32]} {[%emt 00:02:00]} 10. Nf1 {[%clk 01:31:22]} {[%emt
00:00:38]} Ne7 {[%clk 01:26:14]} {[%emt 00:00:48]} 11. Ng3 {[%clk 01:31:06]}
{[%emt 00:00:45]} Ng6 {[%clk 01:26:15]} {[%emt 00:00:30]} 12. h3 {[%clk
01:29:24]} {[%emt 00:02:12]} Re8 {[%clk 01:21:36]} {[%emt 00:05:09]} 13. d4
{[%clk 01:21:22]} {[%emt 00:08:32]} Qe7 {[%clk 01:13:22]} {[%emt 00:08:43]} 14.
dxe5 {[%clk 01:11:40]} {[%emt 00:10:12]} dxe5 {[%clk 01:11:24]} {[%emt
00:02:28]} 15. Nf5 {[%clk 01:01:30]} {[%emt 00:10:39]} Qf8 {[%clk 01:02:54]}
{[%emt 00:09:02]} 16. N3h4 {[%clk 00:56:45]} {[%emt 00:05:14]} Nxh4 {[%clk
00:59:02]} {[%emt 00:04:22]} 17. Nxh4 {[%clk 00:56:44]} {[%emt 00:00:30]} Be6
{[%clk 00:57:20]} {[%emt 00:02:13]} 18. Bxe6 {[%clk 00:53:35]} {[%emt
00:03:39]} Rxe6 {[%clk 00:56:23]} {[%emt 00:01:27]} 19. Nf5 {[%clk 00:52:32]}
{[%emt 00:01:33]} Kh7 {[%clk 00:37:14]} {[%emt 00:19:40]} 20. Qf3 {[%clk
00:48:32]} {[%emt 00:04:29]} Ng8 {[%clk 00:32:59]} {[%emt 00:04:44]} 21. Be3
{[%clk 00:43:02]} {[%emt 00:06:01]} Bxe3 {[%clk 00:31:12]} {[%emt 00:02:17]}
22. Nxe3 {[%clk 00:40:10]} {[%emt 00:03:21]} Ne7 {[%clk 00:28:51]} {[%emt
00:02:52]} 23. Rad1 {[%clk 00:37:39]} {[%emt 00:03:00]} Ng6 {[%clk 00:16:13]}
{[%emt 00:13:10]} 24. Nd5 {[%clk 00:34:35]} {[%emt 00:03:33]} Rc8 {[%clk
00:14:23]} {[%emt 00:02:21]} 25. Rd2 {[%clk 00:31:40]} {[%emt 00:03:25]} Rd8
{[%clk 00:11:40]} {[%emt 00:03:14]} 26. Red1 {[%clk 00:28:46]} {[%emt
00:03:23]} Red6 {[%clk 00:11:35]} {[%emt 00:00:35]} 27. c4 {[%clk 00:21:50]}
{[%emt 00:07:26]} Kh8 {[%clk 00:10:12]} {[%emt 00:01:54]} 28. Qc3 {[%clk
00:15:37]} {[%emt 00:06:42]} c6 {[%clk 00:08:52]} {[%emt 00:01:51]} 29. Ne3
{[%clk 00:14:05]} {[%emt 00:02:02]} Rxd2 {[%clk 00:07:00]} {[%emt 00:02:23]}
30. Rxd2 {[%clk 00:14:29]} {[%emt 00:00:06]} Rxd2 {[%clk 00:06:48]} {[%emt
00:00:42]} 31. Qxd2 {[%clk 00:14:52]} {[%emt 00:00:06]} Qe7 {[%clk 00:06:27]}
{[%emt 00:00:52]} 32. g3 {[%clk 00:10:47]} {[%emt 00:04:34]} Qc5 {[%clk
00:05:13]} {[%emt 00:01:44]} 33. Qd8+ {[%clk 00:09:05]} {[%emt 00:02:11]} Qf8
{[%clk 00:04:21]} {[%emt 00:01:23]} 34. Qb6 {[%clk 00:07:34]} {[%emt 00:02:01]}
Qe7 {[%clk 00:03:45]} {[%emt 00:01:04]} 35. Nf5 {[%clk 00:06:36]} {[%emt
00:01:30]} Qg5 {[%clk 00:03:10]} {[%emt 00:01:06]} 36. Nd6 {[%clk 00:04:52]}
{[%emt 00:02:14]} Qc1+ {[%clk 00:02:15]} {[%emt 00:01:25]} 37. Kg2 {[%clk
00:04:16]} {[%emt 00:01:05]} Qd2 {[%clk 00:01:33]} {[%emt 00:01:12]} 38. Nxb7
{[%clk 00:01:57]} {[%emt 00:02:49]} Qc2 {[%clk 00:00:56]} {[%emt 00:01:08]} 39.
Qxc6 {[%clk 00:01:37]} {[%emt 00:00:49]} Qxb2 {[%clk 00:00:55]} {[%emt
00:00:31]} 40. Qxa6 {[%clk 00:01:43]} {[%emt 00:00:24]} Qd4 {[%clk 00:00:41]}
{[%emt 00:00:44]} 41. Nd6 {[%clk 00:29:49]} {[%emt 00:02:22]} f6 {[%clk
00:27:04]} {[%emt 00:04:08]} 42. Qc6 {[%clk 00:28:40]} {[%emt 00:01:38]} Qa7
{[%clk 00:25:45]} {[%emt 00:01:50]} 43. a4 {[%clk 00:27:53]} {[%emt 00:01:17]}
Ne7 {[%clk 00:24:06]} {[%emt 00:02:09]} 44. Qb7 {[%clk 00:22:54]} {[%emt
00:05:28]} Qxb7 {[%clk 00:21:04]} {[%emt 00:03:32]} 45. Nxb7 {[%clk 00:23:18]}
{[%emt 00:00:06]} Nc6 {[%clk 00:20:33]} {[%emt 00:01:02]} 46. Kf3 {[%clk
00:18:52]} {[%emt 00:04:54]} Kg8 {[%clk 00:17:44]} {[%emt 00:03:19]} 47. Ke3
{[%clk 00:17:53]} {[%emt 00:01:30]} Kf8 {[%clk 00:17:08]} {[%emt 00:01:07]} 48.
Nd6 {[%clk 00:16:01]} {[%emt 00:02:19]} g6 {[%clk 00:16:03]} {[%emt 00:01:37]}
49. Kd3 {[%clk 00:15:41]} {[%emt 00:00:48]} Ke7 {[%clk 00:13:56]} {[%emt
00:02:40]} 50. c5 {[%clk 00:14:25]} {[%emt 00:01:46]} Kd7 {[%clk 00:08:57]}
{[%emt 00:05:29]} 51. Kc4 {[%clk 00:13:34]} {[%emt 00:01:21]} Na7 {[%clk
00:07:05]} {[%emt 00:02:23]} 52. Kd5 {[%clk 00:11:09]} {[%emt 00:02:53]} Nc6
{[%clk 00:06:05]} {[%emt 00:01:30]} 53. Nb5 {[%clk 00:08:16]} {[%emt 00:03:23]}
Nb4+ {[%clk 00:05:21]} {[%emt 00:01:16]} 54. Kc4 {[%clk 00:08:10]} {[%emt
00:00:35]} Nc6 {[%clk 00:05:07]} {[%emt 00:00:44]} 55. Nc3 {[%clk 00:07:23]}
{[%emt 00:01:17]} Na7 {[%clk 00:03:37]} {[%emt 00:01:59]} 56. Nd5 {[%clk
00:07:04]} {[%emt 00:00:48]} Ke6 {[%clk 00:01:47]} {[%emt 00:02:21]} 57. Kb4
{[%clk 00:05:11]} {[%emt 00:02:24]} f5 {[%clk 00:01:46]} {[%emt 00:00:31]} 58.
f3 {[%clk 00:04:31]} {[%emt 00:01:09]} Kd7 {[%clk 00:01:20]} {[%emt 00:00:54]}
59. Ne3 {[%clk 00:03:06]} {[%emt 00:01:56]} fxe4 {[%clk 00:00:39]} {[%emt
00:01:12]} 60. fxe4 {[%clk 00:03:26]} {[%emt 00:00:10]} Kc6 {[%clk 00:00:44]}
{[%emt 00:00:25]} 61. Ng4 {[%clk 00:03:38]} {[%emt 00:00:18]} Kc7 {[%clk
00:00:44]} {[%emt 00:00:31]} 62. Nxe5 {[%clk 00:03:29]} {[%emt 00:00:38]} g5
{[%clk 00:01:01]} {[%emt 00:00:13]} 63. Nf7 {[%clk 00:03:38]} {[%emt 00:00:21]}
Nc6+ {[%clk 00:01:20]} {[%emt 00:00:11]} 64. Kc4 {[%clk 00:03:22]} {[%emt
00:00:45]} Na5+ {[%clk 00:00:59]} {[%emt 00:00:52]} 65. Kd5 {[%clk 00:03:07]}
{[%emt 00:00:43]} Nb7 {[%clk 00:01:11]} {[%emt 00:00:19]} 66. Nxh6 {[%clk
00:03:11]} {[%emt 00:00:26]} Nd8 {[%clk 00:01:36]} {[%emt 00:00:06]} 67. e5
{[%clk 00:02:08]} {[%emt 00:01:33]} Kd7 {[%clk 00:01:39]} {[%emt 00:00:26]} 68.
a5 {[%clk 00:02:11]} {[%emt 00:00:27]} 1-0

[Event "DEM U14w 2025"]
[Site "Willingen GER"]
[Date "2025.06.11"]
[Round "5"]
[White "Richter, Anastasia"]
[Black "Tu, Audrey"]
[Result "1/2-1/2"]
[Termination "normal"]
[Board "6"]
[WhiteElo "1753"]
[BlackElo "1753"]
[WhiteClock "00:07:41"]
[BlackClock "00:12:47"]
[PlyCount "61"]
[WhiteFideId "34659099"]
[BlackFideId "34628568"]
[EventCountry "GER"]
[EventRounds "9"]
[EventType "swiss"]
[EventDate "2025.06.07"]

1. e4 {[%clk 01:30:59]} e5 {[%clk 01:30:55]} {[%emt 00:00:06]} 2. Nf3 {[%clk
01:31:25]} {[%emt 00:00:03]} Nc6 {[%clk 01:31:20]} {[%emt 00:00:05]} 3. d4
{[%clk 01:31:52]} {[%emt 00:00:04]} exd4 {[%clk 01:31:45]} {[%emt 00:00:04]} 4.
Bc4 {[%clk 01:32:18]} {[%emt 00:00:04]} Bb4+ {[%clk 01:31:46]} {[%emt
00:00:29]} 5. c3 {[%clk 01:32:37]} {[%emt 00:00:12]} dxc3 {[%clk 01:32:06]}
{[%emt 00:00:10]} 6. O-O {[%clk 01:33:02]} {[%emt 00:00:04]} Nf6 {[%clk
01:32:07]} {[%emt 00:00:29]} 7. Nxc3 {[%clk 01:32:17]} {[%emt 00:01:16]} Bxc3
{[%clk 01:32:17]} {[%emt 00:00:20]} 8. bxc3 {[%clk 01:32:41]} {[%emt 00:00:06]}
d6 {[%clk 01:32:17]} {[%emt 00:00:31]} 9. Re1 {[%clk 01:24:54]} {[%emt
00:08:16]} O-O {[%clk 01:27:07]} {[%emt 00:05:40]} 10. Bf4 {[%clk 01:14:17]}
{[%emt 00:11:06]} Bg4 {[%clk 01:22:13]} {[%emt 00:05:24]} 11. Qd3 {[%clk
01:10:07]} {[%emt 00:04:41]} Bxf3 {[%clk 01:18:37]} {[%emt 00:04:05]} 12. Qxf3
{[%clk 01:10:17]} {[%emt 00:00:20]} Ne5 {[%clk 01:17:18]} {[%emt 00:01:49]} 13.
Bxe5 {[%clk 01:08:55]} {[%emt 00:01:53]} dxe5 {[%clk 01:17:33]} {[%emt
00:00:14]} 14. Rab1 {[%clk 01:06:30]} {[%emt 00:02:55]} b6 {[%clk 01:08:52]}
{[%emt 00:09:12]} 15. Qf5 {[%clk 00:56:51]} {[%emt 00:10:08]} Qe7 {[%clk
01:02:07]} {[%emt 00:07:15]} 16. Rbd1 {[%clk 00:51:05]} {[%emt 00:06:14]} Rad8
{[%clk 00:59:40]} {[%emt 00:02:58]} 17. Bd5 {[%clk 00:49:57]} {[%emt 00:01:40]}
Nxd5 {[%clk 00:56:24]} {[%emt 00:03:46]} 18. exd5 {[%clk 00:49:27]} {[%emt
00:00:59]} Rfe8 {[%clk 00:44:02]} {[%emt 00:12:53]} 19. Qe4 {[%clk 00:46:11]}
{[%emt 00:03:45]} Qc5 {[%clk 00:41:30]} {[%emt 00:03:01]} 20. Rd3 {[%clk
00:41:00]} {[%emt 00:05:42]} c6 {[%clk 00:36:02]} {[%emt 00:05:58]} 21. Rh3
{[%clk 00:36:34]} {[%emt 00:04:56]} h6 {[%clk 00:35:01]} {[%emt 00:01:32]} 22.
dxc6 {[%clk 00:33:21]} {[%emt 00:03:43]} Rd6 {[%clk 00:30:04]} {[%emt
00:05:26]} 23. Rd3 {[%clk 00:14:17]} {[%emt 00:19:34]} Rxd3 {[%clk 00:28:01]}
{[%emt 00:02:33]} 24. Qxd3 {[%clk 00:14:43]} {[%emt 00:00:05]} Qxc6 {[%clk
00:27:55]} {[%emt 00:00:36]} 25. f3 {[%clk 00:13:15]} {[%emt 00:01:57]} f6
{[%clk 00:26:00]} {[%emt 00:02:25]} 26. Kf2 {[%clk 00:11:53]} {[%emt 00:01:52]}
Rc8 {[%clk 00:24:51]} {[%emt 00:01:39]} 27. Re3 {[%clk 00:08:46]} {[%emt
00:03:37]} Qc4 {[%clk 00:21:41]} {[%emt 00:03:39]} 28. Qc2 {[%clk 00:08:03]}
{[%emt 00:01:14]} Qc5 {[%clk 00:18:16]} {[%emt 00:03:56]} 29. Qb3+ {[%clk
00:07:34]} {[%emt 00:00:58]} Qc4 {[%clk 00:16:50]} {[%emt 00:01:55]} 30. Qc2
{[%clk 00:07:37]} {[%emt 00:00:27]} Qc5 {[%clk 00:12:47]} {[%emt 00:04:35]} 31.
Qb3+ {[%clk 00:07:41]} {[%emt 00:00:25]} 1/2-1/2

[Event "DEM U14w 2025"]
[Site "Willingen GER"]
[Date "2025.06.11"]
[Round "5"]
[White "Bakó, Isabella"]
[Black "Fruth, Julia"]
[Result "1-0"]
[Termination "normal"]
[Board "7"]
[WhiteElo "1654"]
[BlackElo "1659"]
[WhiteClock "00:02:17"]
[BlackClock "00:01:32"]
[PlyCount "67"]
[WhiteFideId "16287266"]
[BlackFideId "34603050"]
[EventCountry "GER"]
[EventRounds "9"]
[EventType "swiss"]
[EventDate "2025.06.07"]

1. d4 {[%clk 01:30:54]} {[%emt 00:00:05]} Nf6 {[%clk 01:30:51]} {[%emt
00:00:08]} 2. Nf3 {[%clk 01:30:57]} {[%emt 00:00:28]} g6 {[%clk 01:31:09]}
{[%emt 00:00:11]} 3. e3 {[%clk 01:31:14]} {[%emt 00:00:14]} Bg7 {[%clk
01:31:18]} {[%emt 00:00:21]} 4. Bd3 {[%clk 01:31:14]} {[%emt 00:00:30]} O-O
{[%clk 01:31:12]} {[%emt 00:00:36]} 5. O-O {[%clk 01:31:27]} {[%emt 00:00:17]}
d6 {[%clk 01:30:15]} {[%emt 00:01:27]} 6. e4 {[%clk 01:31:11]} {[%emt
00:00:46]} Nbd7 {[%clk 01:28:27]} {[%emt 00:02:18]} 7. Bg5 {[%clk 01:23:07]}
{[%emt 00:08:34]} c5 {[%clk 01:19:35]} {[%emt 00:09:21]} 8. c3 {[%clk
01:14:32]} {[%emt 00:09:05]} a6 {[%clk 01:14:17]} {[%emt 00:05:48]} 9. a4
{[%clk 01:11:16]} {[%emt 00:03:47]} Qc7 {[%clk 01:07:35]} {[%emt 00:07:11]} 10.
Na3 {[%clk 01:04:28]} {[%emt 00:07:20]} b6 {[%clk 01:02:24]} {[%emt 00:05:40]}
11. d5 {[%clk 00:53:39]} {[%emt 00:11:19]} Bb7 {[%clk 01:00:03]} {[%emt
00:02:50]} 12. Qb3 {[%clk 00:50:40]} {[%emt 00:03:29]} Rab8 {[%clk 00:54:21]}
{[%emt 00:06:11]} 13. Rfe1 {[%clk 00:45:08]} {[%emt 00:06:04]} Rfc8 {[%clk
00:49:25]} {[%emt 00:05:23]} 14. Bc4 {[%clk 00:41:17]} {[%emt 00:04:23]} Ng4
{[%clk 00:36:48]} {[%emt 00:13:06]} 15. Be2 {[%clk 00:35:25]} {[%emt 00:06:23]}
Nge5 {[%clk 00:32:22]} {[%emt 00:04:56]} 16. Nxe5 {[%clk 00:34:58]} {[%emt
00:00:57]} Nxe5 {[%clk 00:32:40]} {[%emt 00:00:12]} 17. c4 {[%clk 00:32:48]}
{[%emt 00:02:41]} Re8 {[%clk 00:27:41]} {[%emt 00:05:25]} 18. f4 {[%clk
00:31:42]} {[%emt 00:01:39]} Nd7 {[%clk 00:27:56]} {[%emt 00:00:15]} 19. Bg4
{[%clk 00:28:17]} {[%emt 00:03:55]} Nf6 {[%clk 00:23:34]} {[%emt 00:04:51]} 20.
h3 {[%clk 00:24:19]} {[%emt 00:04:28]} Nxg4 {[%clk 00:22:12]} {[%emt 00:01:52]}
21. hxg4 {[%clk 00:24:45]} {[%emt 00:00:04]} Bc8 {[%clk 00:13:41]} {[%emt
00:09:02]} 22. f5 {[%clk 00:20:53]} {[%emt 00:04:23]} Bd7 {[%clk 00:12:32]}
{[%emt 00:01:38]} 23. Kf2 {[%clk 00:19:10]} {[%emt 00:02:12]} b5 {[%clk
00:07:42]} {[%emt 00:05:21]} 24. axb5 {[%clk 00:15:45]} {[%emt 00:03:56]} axb5
{[%clk 00:07:56]} {[%emt 00:00:15]} 25. cxb5 {[%clk 00:12:34]} {[%emt
00:03:41]} Bxb5 {[%clk 00:07:42]} {[%emt 00:00:44]} 26. Qh3 {[%clk 00:04:06]}
{[%emt 00:08:58]} Bd4+ {[%clk 00:04:15]} {[%emt 00:03:56]} 27. Kf3 {[%clk
00:03:13]} {[%emt 00:01:24]} Ba6 {[%clk 00:03:19]} {[%emt 00:01:26]} 28. Nc2
{[%clk 00:02:17]} {[%emt 00:01:26]} Rb3+ {[%clk 00:02:29]} {[%emt 00:01:20]}
29. Ne3 {[%clk 00:02:13]} {[%emt 00:00:33]} Bxe3 {[%clk 00:02:13]} {[%emt
00:00:47]} 30. Bxe3 {[%clk 00:02:22]} {[%emt 00:00:22]} Rxe3+ {[%clk 00:00:58]}
{[%emt 00:01:44]} 31. Rxe3 {[%clk 00:02:34]} {[%emt 00:00:19]} Kg7 {[%clk
00:01:06]} {[%emt 00:00:22]} 32. Rxa6 {[%clk 00:02:43]} {[%emt 00:00:20]} Qb7
{[%clk 00:01:18]} {[%emt 00:00:18]} 33. Ra2 {[%clk 00:02:32]} {[%emt 00:00:40]}
Qb5 {[%clk 00:01:32]} {[%emt 00:00:17]} 34. Qh1 {[%clk 00:02:17]} {[%emt
00:00:45]} 1-0

[Event "DEM U14w 2025"]
[Site "Willingen GER"]
[Date "2025.06.11"]
[Round "5"]
[White "Frenzel, Qorianka"]
[Black "Eitel, Liz"]
[Result "0-1"]
[Termination "normal"]
[Board "8"]
[WhiteElo "1650"]
[BlackElo "1736"]
[WhiteClock "00:08:45"]
[BlackClock "00:48:27"]
[PlyCount "62"]
[WhiteFideId "276294"]
[BlackFideId "34622195"]
[EventCountry "GER"]
[EventRounds "9"]
[EventType "swiss"]
[EventDate "2025.06.07"]

1. e4 {[%clk 01:30:49]} {[%emt 00:00:09]} e5 {[%clk 01:30:53]} {[%emt
00:00:07]} 2. Nf3 {[%clk 01:31:09]} {[%emt 00:00:10]} Nc6 {[%clk 01:31:16]}
{[%emt 00:00:08]} 3. Bc4 {[%clk 01:31:33]} {[%emt 00:00:06]} Bc5 {[%clk
01:31:41]} {[%emt 00:00:05]} 4. d3 {[%clk 01:31:50]} {[%emt 00:00:13]} Nf6
{[%clk 01:31:55]} {[%emt 00:00:16]} 5. c3 {[%clk 01:32:11]} {[%emt 00:00:08]}
d6 {[%clk 01:32:11]} {[%emt 00:00:14]} 6. O-O {[%clk 01:32:25]} {[%emt
00:00:17]} O-O {[%clk 01:32:30]} {[%emt 00:00:11]} 7. h3 {[%clk 01:32:46]}
{[%emt 00:00:09]} h6 {[%clk 01:32:52]} {[%emt 00:00:08]} 8. Nbd2 {[%clk
01:30:58]} {[%emt 00:02:18]} a5 {[%clk 01:33:02]} {[%emt 00:00:20]} 9. a4
{[%clk 01:31:13]} {[%emt 00:00:15]} Bb6 {[%clk 01:31:59]} {[%emt 00:01:33]} 10.
Re1 {[%clk 01:28:10]} {[%emt 00:03:32]} Be6 {[%clk 01:31:42]} {[%emt 00:00:47]}
11. Qc2 {[%clk 01:23:13]} {[%emt 00:05:28]} Qd7 {[%clk 01:28:53]} {[%emt
00:03:15]} 12. Bxe6 {[%clk 01:19:25]} {[%emt 00:04:22]} fxe6 {[%clk 01:28:14]}
{[%emt 00:01:09]} 13. Nc4 {[%clk 01:18:38]} {[%emt 00:01:17]} Ba7 {[%clk
01:26:52]} {[%emt 00:01:52]} 14. b3 {[%clk 01:08:04]} {[%emt 00:11:04]} Nh5
{[%clk 01:23:01]} {[%emt 00:04:20]} 15. Rf1 {[%clk 00:52:06]} {[%emt 00:16:28]}
Nf4 {[%clk 01:20:19]} {[%emt 00:03:13]} 16. Bxf4 {[%clk 00:51:38]} {[%emt
00:00:57]} Rxf4 {[%clk 01:19:01]} {[%emt 00:01:49]} 17. Rad1 {[%clk 00:47:50]}
{[%emt 00:04:17]} Raf8 {[%clk 01:13:53]} {[%emt 00:05:37]} 18. Qe2 {[%clk
00:44:46]} {[%emt 00:03:35]} Qf7 {[%clk 01:10:11]} {[%emt 00:04:12]} 19. Ne3
{[%clk 00:40:29]} {[%emt 00:04:47]} Ne7 {[%clk 01:04:11]} {[%emt 00:06:30]} 20.
Kh1 {[%clk 00:36:31]} {[%emt 00:04:28]} Qh5 {[%clk 01:01:52]} {[%emt 00:02:49]}
21. Kh2 {[%clk 00:32:34]} {[%emt 00:04:26]} g5 {[%clk 00:58:36]} {[%emt
00:03:48]} 22. g4 {[%clk 00:26:07]} {[%emt 00:06:57]} Qf7 {[%clk 00:58:23]}
{[%emt 00:00:40]} 23. Ne1 {[%clk 00:13:42]} {[%emt 00:12:57]} Rxf2+ {[%clk
00:55:41]} {[%emt 00:03:12]} 24. Qxf2 {[%clk 00:13:51]} {[%emt 00:00:22]} Qxf2+
{[%clk 00:55:21]} {[%emt 00:00:49]} 25. Rxf2 {[%clk 00:14:12]} {[%emt
00:00:09]} Rxf2+ {[%clk 00:55:47]} {[%emt 00:00:05]} 26. N3g2 {[%clk 00:14:34]}
{[%emt 00:00:08]} Ng6 {[%clk 00:53:54]} {[%emt 00:02:23]} 27. Rc1 {[%clk
00:12:48]} {[%emt 00:02:15]} Nf4 {[%clk 00:51:04]} {[%emt 00:03:20]} 28. b4
{[%clk 00:12:01]} {[%emt 00:01:18]} Bb6 {[%clk 00:49:22]} {[%emt 00:02:11]} 29.
Kg3 {[%clk 00:11:17]} {[%emt 00:01:14]} Rd2 {[%clk 00:47:55]} {[%emt 00:01:57]}
30. Nxf4 {[%clk 00:08:59]} {[%emt 00:02:49]} exf4+ {[%clk 00:48:08]} {[%emt
00:00:17]} 31. Kf3 {[%clk 00:08:45]} {[%emt 00:00:43]} Rf2# {[%clk 00:48:27]}
{[%emt 00:00:10]} 0-1